2024 NBA Draft First Round Picks - Statistics

General Stats
  • This quiz has been taken 124 times
  • The average score is 18 of 30
Answer Stats
Pick Team College Answer % Correct
2 Washington Wizards France Alexandre Sarr
96%
4 San Antonio Spurs UConn Stephon Castle
92%
1 Atlanta Hawks France Zaccharie Risacher
92%
9 Memphis Grizzlies Purdue Zach Edey
89%
16 Philadelphia 76ers Duke Jared McCain
88%
17 Los Angeles Lakers Tennessee Dalton Knecht
87%
7 Portland Trail Blazers UConn Donovan Clingan
81%
3 Houston Rockets Kentucky Reed Sheppard
81%
11 Chicago Bulls G-League Ignite Matas Buzelis
78%
8 San Antonio Spurs Kentucky Rob Dillingham
75%
10 Utah Jazz Colorado Cody Williams
73%
5 Detroit Pistons G-League Ignite Ron Holland
71%
15 Miami Heat Indiana Kel'el Ware
63%
12 Oklahoma City Thunder Serbia Nikola Topic
63%
14 Portland Trail Blazers Pittsburgh Bub Carrington
56%
6 Charlotte Hornets France Tidjane Salaun
55%
18 Orlando Magic Colorado Tristan da Silva
52%
13 Sacramento Kings Providence Devin Carter
51%
29 Utah Jazz USC Isaiah Collier
51%
23 Milwaukee Bucks USA AJ Johnson
46%
28 Denver Nuggets Virginia Ryan Dunn
45%
21 New Orleans Pelicans Baylor Yves Missi
43%
27 Minnesota Timberwolves Illinois Terrance Shannon Jr.
40%
30 Boston Celtics Creighton Baylor Scheierman
39%
24 New York Knicks Miami Kyshawn George
35%
19 Toronto Raptors Baylor Ja'Kobe Walter
30%
20 Cleveland Cavaliers California Jaylon Tyson
25%
25 New York Knicks France Pacome Dadiet
24%
22 Pheonix Suns Dayton DaRon Holmes
22%
26 Washington Wizards Weber State Dillon Jones
20%
No matching quizzes found
Score Distribution
Percent of People with Each Score
Percentile by Number Answered
Your Score History
You have not taken this quiz